Rural development programmes in India: (Record no. 38372)
[ view plain ]
| 000 -LEADER | |
|---|---|
| fixed length control field | 01344nam a22002897a 4500 |
| 005 - DATE AND TIME OF LATEST TRANSACTION | |
| control field | 20100731112048.0 |
| 010 ## - LCCN (DPL NO) | |
| LC control number | ENG-97036 B-423728 |
| 020 ## - INTERNATIONAL STANDARD BOOK NUMBER | |
| International Standard Book Number | 9788191052411 |
| Terms of availability | 425.00 |
| 035 ## - SYSTEM CONTROL NUMBER | |
| System control number | EN-80569 |
| 035 ## - SYSTEM CONTROL NUMBER | |
| System control number | B-423728 |
| 037 ## - SOURCE OF ACQUISITION | |
| Source of stock number/acquisition | DBAD/PUB |
| 037 ## - SOURCE OF ACQUISITION | |
| Source of stock number/acquisition | Allied Publishers |
| 082 ## - DEWEY DECIMAL CLASSIFICATION NUMBER | |
| Classification number | 307.140954 |
| 100 ## - MAIN ENTRY--PERSONAL NAME | |
| Personal name | Golahit, S.B. |
| 245 ## - TITLE STATEMENT | |
| Title | Rural development programmes in India: |
| Remainder of title | problems and prospects / |
| Statement of responsibility, etc | by S.B. Golahit |
| 260 ## - PUBLICATION, DISTRIBUTION, ETC. (IMPRINT) | |
| Place of publication, distribution, etc | New Delhi |
| Name of publisher, distributor, etc | Altar Publishing House |
| Date of publication, distribution, etc | 2010 |
| 270 ## - ADDRESS | |
| Address | L- 9 A, IINd Floor, Street No, 42 Sadatpur Extension |
| City | Delhi |
| Postal code | 110094 |
| 300 ## - PHYSICAL DESCRIPTION | |
| Extent | v, 145p. |
| Dimensions | 22cm (Hb) |
| 500 ## - GENERAL NOTE | |
| General note | includes bibliographic and index |
| 600 ## - SUBJECT ADDED ENTRY--PERSONAL NAME | |
| Personal name | India |
| 600 ## - SUBJECT ADDED ENTRY--PERSONAL NAME | |
| Personal name | Rural development projects-Evaluation |
| 600 ## - SUBJECT ADDED ENTRY--PERSONAL NAME | |
| Personal name | Rural development programmes |
| 942 ## - ADDED ENTRY ELEMENTS (KOHA) | |
| Source of classification or shelving scheme | Dewey Decimal Classification |
| Item type | English Books |
| Classification part | 307.140954 |
| Call number suffix | GOL |
| Withdrawn status | Lost status | Not for loan | Collection code | Home library | Current library | Date acquired | Source of acquisition | Cost, normal purchase price | Full call number | Barcode | Copy number | Cost, replacement price | Koha item type |
|---|---|---|---|---|---|---|---|---|---|---|---|---|---|
| Non-fiction | Central Library | Central Library | 10/08/2011 | Allied Publishers/CR/0002704/17.3.11/75/4.3.11/17.3.11 | 425.00 | 307.140954 GOL | B-423728 | 1 | 425.00 | English Books | |||
| Not For Loan | Non-fiction | D.B.Act.Division | D.B.Act.Division | 31/07/2010 | DBAD/PUB | 425.00 | 307.140954 GOL | EN-80569 | 1 | 425.00 | English Books |
